00610nam a22001937a 4500003001100000005001700011008004100028040003900069041000800108082001500116100002000131245003000151260002600181300002100207490004300228520007800271650002900349650003800378LK-CoMWRAF20240527152812.0240309b |||||||| |||| 00| 0 eng d aLK-CoMWRAFdLK-CoMWRAFeLK-CoMWRAF aeng a303.6bASH aAshraff, M.H.M. aIs Jihad the alternative? aColombo:bSLMC,c1992 a[unnumbered pg.] aSLMC(English) publication seriesvNo.1 aSpeech delivered by Alhaj M.H.M. Ashraff on 23.07.1992 in the parliament. aEHNUC CONFLICT-Sri Lanka aMinority issues-Muslims-Sri Lanka